Law on control of narcotic drugs and psychotropic substances in India / (Record no. 91142)
[ view plain ]
| 000 -LEADER | |
|---|---|
| fixed length control field | 00841nam a22002297a 4500 |
| 005 - DATE AND TIME OF LATEST TRANSACTION | |
| control field | 20150325143547.0 |
| 010 ## - LCCN (DPL NO) | |
| LC control number | ENG-112064 |
| 020 ## - INTERNATIONAL STANDARD BOOK NUMBER | |
| International Standard Book Number | 9789351433538 |
| Terms of availability | 1950.00 |
| 035 ## - SYSTEM CONTROL NUMBER | |
| System control number | EN-95596 |
| 037 ## - SOURCE OF ACQUISITION | |
| Source of stock number/acquisition | DBAD/PUB |
| 082 ## - DEWEY DECIMAL CLASSIFICATION NUMBER | |
| Classification number | 344.0545 |
| 100 ## - MAIN ENTRY--PERSONAL NAME | |
| Personal name | Mehanathan, M.C. |
| 245 ## - TITLE STATEMENT | |
| Title | Law on control of narcotic drugs and psychotropic substances in India / |
| Statement of responsibility, etc | by M.C. Mehanathan ; foreworded by M.N. Venkatachaliah |
| 246 ## - VARYING FORM OF TITLE | |
| Title proper/short title | Narcotic drugs and psychotropic substances in India |
| 250 ## - EDITION STATEMENT | |
| Edition statement | 3rd ed |
| 260 ## - PUBLICATION, DISTRIBUTION, ETC. (IMPRINT) | |
| Place of publication, distribution, etc | Gurgaon |
| Name of publisher, distributor, etc | LexisNexis |
| Date of publication, distribution, etc | 2015 |
| 270 ## - ADDRESS | |
| Address | 14th Floor, Bldg. No.10, Tower-B, DLF Cyber City, Phase-II |
| City | Gurgaon |
| Postal code | 122002 |
| 300 ## - PHYSICAL DESCRIPTION | |
| Extent | cxxxii,1115p. |
| Other physical details | 25cm(Hb) |
| 500 ## - GENERAL NOTE | |
| General note | Includes index |
| 650 ## - SUBJECT ADDED ENTRY--TOPICAL TERM | |
| Topical term or geographic name as entry element | Drugs of abuse |
| General subdivision | Law and legislation |
| -- | Criminal provisions. |
| Geographic subdivision | India |
| 942 ## - ADDED ENTRY ELEMENTS (KOHA) | |
| Source of classification or shelving scheme | Dewey Decimal Classification |
| Item type | English Books |
| Call number suffix | MEH |
| Classification part | 344.0545 |
| Withdrawn status | Lost status | Not for loan | Collection code | Home library | Current library | Date acquired | Source of acquisition | Cost, normal purchase price | Full call number | Barcode | Copy number | Cost, replacement price | Koha item type |
|---|---|---|---|---|---|---|---|---|---|---|---|---|---|
| Not For Loan | Non-fiction | D.B.Act.Division | D.B.Act.Division | 03/02/2015 | DBAD/PUB | 1950.00 | 344.0545 MEH | EN-95596 | 1 | 1950.00 | English Books |
